| 000 | 00619nam a2200181 a 4500 | ||
|---|---|---|---|
| 001 | 4123 | ||
| 003 | CDMR | ||
| 005 | 20131218104231.0 | ||
| 008 | 130130s1975||||||||||||||||||||||||||||d | ||
| 040 |
_aCDMR _bcat _cCDMR |
||
| 245 | 0 |
_aApostando a la democracia _b: un año en la tercera página de "El Correo de Andalucía" _cIsidoro Moreno [et. al.] |
|
| 260 |
_aMadrid _c1975 _bAkal |
||
| 300 | _a287 p. | ||
| 490 | 0 |
_aAkal 74, _v19 |
|
| 500 | _aRecull d'articles de Isidoro Moreno, Tomás Iglesias, José Luis López, Manuel Ramón Alarcón, José R. de la Borbolla | ||
| 700 | 1 |
_94534 _aMoreno, Isidoro |
|
| 942 |
_cMON _2udc |
||
| 999 |
_c4123 _d4123 |
||